Southville International School and Colleges
Your cart is empty.
  • Cart
  • Lists
    Public lists Eva Luna New books Lux_list list_1
    Your lists Log in to create your own lists
  • Log in to your account
  • Your cookies
  • Search history
Southville International School and Colleges
  • Advanced search
  • Recent comments
  • Most popular
  • Libraries

Log in to your account

Log in with GOOGLE


If you do not have an external account, but do have a local account, you can still log in:

  1. Home
  2. MARC view: A study of modern television :
Normal view MARC view ISBD view

A study of modern television : (Record no. 22021)

[ view plain ]
MARC details
000 -LEADER
fixed length control field 00565nam a2200193 a 4500
005 - DATE AND TIME OF LATEST TRANSACTION
control field 20140310183349.0
008 - FIXED-LENGTH DATA ELEMENTS--GENERAL INFORMATION
fixed length control field 070606s19uu xx 00 eng d
020 ## - INTERNATIONAL STANDARD BOOK NUMBER
International Standard Book Number 0333964098
050 ## - LIBRARY OF CONGRESS CALL NUMBER
Classification number HE 8700.4
Item number .C75 2006
100 ## - MAIN ENTRY--PERSONAL NAME
Personal name Crisell, Andrew
245 ## - TITLE STATEMENT
Title A study of modern television :
Remainder of title thinking inside the box /
Statement of responsibility, etc Andrew Crisell
260 ## - PUBLICATION, DISTRIBUTION, ETC. (IMPRINT)
Place of publication, distribution, etc New York :
Name of publisher, distributor, etc Palgrave Macmillan,
Date of publication, distribution, etc 2006.
300 ## - PHYSICAL DESCRIPTION
Extent 184 p. :
Dimensions 24 cm.
521 ## - TARGET AUDIENCE NOTE
Target audience note
650 ## - SUBJECT ADDED ENTRY--TOPICAL TERM
Topical term or geographic name as entry element Television.
650 ## - SUBJECT ADDED ENTRY--TOPICAL TERM
Topical term or geographic name as entry element Television broadcasting
General subdivision United States.
942 ## - ADDED ENTRY ELEMENTS (KOHA)
Koha item type Books
Source of classification or shelving scheme Library of Congress Classification
Call number prefix Foreign
Holdings
Withdrawn status Lost status Source of classification or shelving scheme Damaged status Home library Current library Shelving location Date acquired Source of acquisition Cost, normal purchase price Total Checkouts Full call number Barcode Date last seen Date checked out Copy number Price effective from Koha item type
    Library of Congress Classification   College Library College Library General Circulation Section 06/06/2007 Donation 2773.00 2 HE 8700.4 .C75 2006 C8338 11/04/2019 10/26/2019 1 10/10/2013 Books

A study of modern television :

APA

Crisell A., . (2006). A study of modern television. New York: Palgrave Macmillan.

Chicago

Crisell Andrew, . 2006. A study of modern television. New York: Palgrave Macmillan.

Harvard

Crisell A., . (2006). A study of modern television. New York: Palgrave Macmillan.

MLA

Crisell Andrew, . A study of modern television. New York: Palgrave Macmillan. 2006.

  • Place hold
  • Print
  • Cite
  • Add to your cart (remove)
  • Save record
    BIBTEX Dublin Core MARCXML MARC (non-Unicode/MARC-8) MARC (Unicode/UTF-8) MARC (Unicode/UTF-8, Standard) MODS (XML) RIS
  • More searches
    Search for this title in:
    Other Libraries (WorldCat) Other Databases (Google Scholar) Online Stores (Bookfinder.com) Open Library (openlibrary.org)

Exporting to Dublin Core...

SOUTHVILLE LIBRARY

Southville International School and Colleges Library

1281 Tropical Ave. Cor. Luxembourg St., BF Homes International, Las Pinas City

Tel. No. 8256374 / 252358 Loc. 117/146

Powered by Koha